000 00262 a2200109 4500
001 123771
020 _a9782011557155
040 _cEscola Canadense de Niteroi
100 _aHimber, Céline
245 1 0 _aAdosphère 2 - Méthode de français - A1.A2
942 _cBK
999 _c123771
_d123771